00419nam a2200169 a 450000100060000000300090000600800410001504000280005608200160008410000250010024500160012526000380014130000100017949000270018965000200021665000130023612561CO-ViMGA141112s2004 ck r 000 u spa d aCO-ViMGAbspacCO-ViMGA04a813.91 P17a1 aPaolo, Pasolini Pier10aAmado Mío aBarcelona : bSeix Barral, c1990 a209p. aBiblioteca de Bolsillo14aNOVELA ITALIANA14aSIGLO XX